Skills for success teacher's manual
Na minha lista:
| Autor principal: | |
|---|---|
| Formato: | Livro |
| Idioma: | Undetermined |
| Publicado em: |
Cambridge, UK
Cambridge University press
2000
|
| Assuntos: | |
| Tags: |
Adicionar Tag
Sem tags, seja o primeiro a adicionar uma tag!
|
| Thư viện lưu trữ: | Trung tâm Học liệu Trường Đại học Cần Thơ |
|---|
| LEADER | 00584nam a2200181Ia 4500 | ||
|---|---|---|---|
| 001 | CTU_52188 | ||
| 008 | 210402s9999 xx 000 0 und d | ||
| 020 | |b 61500 | ||
| 082 | |a 428.24 | ||
| 082 | |b P945 | ||
| 100 | |a Donna Price-Machado | ||
| 245 | 0 | |a Skills for success teacher's manual | |
| 245 | 0 | |c Donna Price-Machado | |
| 260 | |a Cambridge, UK | ||
| 260 | |b Cambridge University press | ||
| 260 | |c 2000 | ||
| 650 | |a english language - textbooks for foreign speakers,english language - textbooks for foreign speakers | ||
| 980 | |a Trung tâm Học liệu Trường Đại học Cần Thơ | ||